000 01877cam a22004574i 4500
003 PE-LiUPU
005 20250731173128.0
008 150623s r 000 0 d
020 _a0804201250
035 _a(Sirsi) i9780804201254
040 _aPE-LiUPU
_bspa
_cPE-LiUPU
_erda
049 _aPRUA
082 0 4 _a231.765
_bH99
_221
100 1 _aHyers, Conrad M.,
_eautor.
245 1 4 _aThe meaning of creation :
_bGenesis and modern sciencie /
_cConrad Hyers.
264 1 _aAtlanta :
_bJohn Knox Press,
_c1984.
300 _a203 páginas ;
_c20 centímetros
336 _atext
_2rdacontent
337 _aunmediated
_2rdamedia
338 _avolume
_2rdacarrier
505 0 _aInterpreting and misinterpreting the cretion texts: Dinosaur religion and religion as dinosaur. -A monotheistic universe. -The cosmogonic model. -Sacred and secular accouting. -A work without handles. -Baal and the serpent of fertility. -Pastoral simplicity and the temptations of civilization. -The controlled accident: orden and randomness in creation. Evolución Biblia. A.T. Génesis 1-2 - Crítica, interpretación, etc.
526 _aSEG42
526 _aSEG41
526 _aSEG40
526 _aSEG39
526 _aP94
526 _aP87
526 _aP86
526 _aP85
526 _aP77
526 _aP76
526 _aP35
650 0 4 _aCreacionismo
_xEnseñanza bíblica.
650 0 4 _aCreacionismo.
942 _2ddc
_cBOOK
949 _a231.765 H99
_wDEWEY
_c1
_i51478
_lCCODEBUL1
_mBUL
_p8.00
_r0
_sY
_tBOOK
_u2015-6-24
_xTEOLOGIA
_PP35
_0COMPRA
_o.STAFF. Colección General
994 _aC0
_bPEPRU
596 _a1
999 _a231.765 H99
_wDEWEY
_c33200
_i51478
_d33200
_e2018-10-29
_f2021-11-9
_g5
_lCCODEBUL1
_mBUL
_n1
_p8.00
_r0
_sY
_tBOOK
_u2015-6-24
_xTEOLOGIA
_PP35
_0COMPRA
_o.STAFF. Colección General
980 _81
_gALBERTO SANCHEZ Responsable de Automatización